000 00486cam a2200181ua 4500
020 _a81 203 1156 6
_c75.00
041 _aeng
_h
082 _a005.369
_bIVE/TE
100 _aIvens, Kathy .
245 _aTen minute guide to microsoft exchange 4.0 /
_cKathy Ivens.
_hTextual Documents
250 _a1 /
_b.
260 _aNew Delhi :
_bPrentice Hall of India Pvt Ltd. ,
_c1997.
300 _a188 ; .
365 _a75.00
504 _a
942 _cBK
999 _c2968
_d2968